000 00695nam a2200277Ia 4500
003 OSt
005 20220912151136.0
006 a|||||r|||| 00| 0
007 ta
008 220909b |||||||| |||| 00| 0 eng d
024 _a44777
037 _cTextual
040 _aCSL
_beng
_cCSL
041 _aeng
082 _aH, L4
100 _aAllison I S
245 0 _aGeology: The science of a changing earth
250 _a6
260 _aNew York
_b Mcgraw hill
_c1974
300 _aviii, 798p
650 _aGeology
700 _a Black R F
700 _a Dennison J M
942 _hH, L4
_cTEXL
_2CC
999 _c62188
_d62188